Численный анализ влияния инженерных сооружений на тепловые потери бесканальных теплопроводов; Химическая физика и актуальные проблемы энергетики

Detaylı Bibliyografya
Parent link:Химическая физика и актуальные проблемы энергетики.— 2012.— [С. 215-217]
Yazar: Половников В. Ю. Вячеслав Юрьевич
Diğer Yazarlar: Глазырин Е. С.
Özet:Заглавие с титульного листа
Dil:Rusça
Baskı/Yayın Bilgisi: 2012
Konular:
Online Erişim:http://www.lib.tpu.ru/fulltext/c/2012/C03/088.pdf
Materyal Türü: Elektronik Kitap Bölümü
KOHA link:https://koha.lib.tpu.ru/cgi-bin/koha/opac-detail.pl?biblionumber=230274

MARC

LEADER 00000nla2a2200000 4500
001 230274
005 20240208105950.0
035 |a (RuTPU)RU\TPU\book\251035 
035 |a RU\TPU\book\251022 
090 |a 230274 
100 |a 20130118d2012 k y0rusy50 ca 
101 0 |a rus 
102 |a RU 
105 |a y z 101zy 
135 |a drnn ---uucaa 
181 0 |a i  
182 0 |a b 
200 1 |a Численный анализ влияния инженерных сооружений на тепловые потери бесканальных теплопроводов  |f В. Ю. Половников, Е. С. Глазырин 
203 |a Текст  |c электронный 
215 |a 1 файл (203 Кб) 
300 |a Заглавие с титульного листа 
320 |a [Библиогр.: с. 217 (7 назв.)] 
337 |a Adobe Reader 
463 1 |0 (RuTPU)RU\TPU\book\250360  |t Химическая физика и актуальные проблемы энергетики  |o сборник тезисов и докладов Всероссийской молодежной конференции, г. Томск, 4 - 6 сентября 2012 г.  |f Национальный исследовательский Томский политехнический университет (ТПУ) ; под ред. Г. В. Кузнецова ; Е. Е. Бульбы ; В. И. Максимова ; А. В. Захаревича ; Т. А. Нагорновой  |v [С. 215-217]  |d 2012 
610 1 |a труды учёных ТПУ 
610 1 |a электронный ресурс 
610 1 |a котельные 
610 1 |a численный анализ 
610 1 |a инженерные сооружения 
610 1 |a тепловые потери 
700 1 |a Половников  |b В. Ю.  |c специалист в области теплотехники  |c доцент Томского политехнического университета, доктор технических наук  |f 1980-  |g Вячеслав Юрьевич  |3 (RuTPU)RU\TPU\pers\25532  |9 11462 
701 1 |a Глазырин  |b Е. С. 
801 1 |a RU  |b 63413507  |c 20130116 
801 2 |a RU  |b 63413507  |c 20130206  |g RCR 
856 4 |u http://www.lib.tpu.ru/fulltext/c/2012/C03/088.pdf 
942 |c CF